000 00572nam a2200193Ia 4500
005 20260415160332.0
008 008 250505s9999 xx 000 0 eng d
037 _aTextual
040 _aFEDL
_beng
_cFEDL
041 _aeng
_2eng
084 _a372 STU
_qFEDL
100 _aSturt Mary
_980605
245 0 _aEducation of children under seven
260 _aLondon, UK
_bKegan Paul, Trench, Trubner and Co Ltd
_c1932
300 _axiii,248p
650 _aElementary Education
_923078
942 _cTEXL
_h372 STU
999 _c1321800
_d1321800